Normal view
MARC view
- Telecommunication engineering
Entry Topical Term
001 - CONTROL NUMBER
- control field: 98213
003 - CONTROL NUMBER IDENTIFIER
- control field: NUST
005 - DATE AND TIME OF LATEST TRANSACTION
- control field: 20220819104556.0
008 - FIXED-LENGTH DATA ELEMENTS
- fixed length control field: 220819|| aca||aabn | a|a d
040 ## - CATALOGING SOURCE
- Original cataloging agency: NUST
- Transcribing agency: NUST
150 ## - HEADING--TOPICAL TERM
- Topical term or geographic name entry element: Telecommunication engineering
- General subdivision: Technological innovations
670 ## - SOURCE DATA FOUND
- Source citation: Work cat.: (NUST)189237: Glisic, Savo G. 98081, Advanced wireless communications & Internet :, 2011.
